Vins de Champagne et vins Mouseuse / (Record no. 113653)
[ view plain ]
| 000 -LEADER | |
|---|---|
| campo de control de longitud fija | 00607nam a2200205 4500 |
| 001 - NÚMERO DE CONTROL | |
| campo de control | 113653 |
| 003 - IDENTIFICADOR DE NÚMERO DE CONTROL | |
| campo de control | ES-MaACL |
| 005 - FECHA Y HORA DE LA ÚLTIMA TRANSACCIÓN | |
| campo de control | 20260210162438.0 |
| 007 - CAMPO FIJO DE DESCRIPCIÓN FÍSICA--INFORMACIÓN GENERAL | |
| campo de control de longitud fija | t| |
| 008 - DATOS DE LONGITUD FIJA--INFORMACIÓN GENERAL | |
| campo de control de longitud fija | 061121s1918 fr r ||||1| fre d |
| 100 1# - ENTRADA PRINCIPAL--NOMBRE DE PERSONA | |
| Nombre de persona | Pacottet, Paul. |
| 9 (RLIN) | 88163 |
| 245 10 - MENCIÓN DEL TÍTULO | |
| Título | Vins de Champagne et vins Mouseuse / |
| Mención de responsabilidad, etc. | par Paul Pacottet et L. Guittonneau. |
| 260 ## - PUBLICACIÓN, DISTRIBUCIÓN, ETC. | |
| Lugar de publicación, distribución, etc. | [Paris : |
| Nombre del editor, distribuidor, etc. | Corbeil Crété], |
| Fecha de publicación, distribución, etc. | 1918. |
| 300 ## - DESCRIPCIÓN FÍSICA | |
| Extensión | 420 p. : |
| Otras características físicas | il ; |
| Dimensiones | 19 cm. |
| 490 1# - MENCIÓN DE SERIE | |
| Mención de serie | Encyclopedie agricole |
| 700 1# - ENTRADA AGREGADA--NOMBRE PERSONAL | |
| Nombre de persona | Guittonneau, L. |
| 9 (RLIN) | 60917 |
| 830 0# - PUNTO DE ACCESO ADICIONAL DE SERIE-TÍTULO UNIFORME | |
| Título uniforme | Encyclopédie agricole |
| 9 (RLIN) | 180885 |
| 852 ## - LOCALIZACIÓN | |
| Ubicación | ES-MaACL |
| Número de control de estantería | D-3658 |
| Estatus retirado | Estado de pérdida | Estado de daño | No para préstamo | Biblioteca de origen | Biblioteca actual | Ubicación en estantería | Fecha de adquisición | Fuente de adquisición | Total de préstamos | Signatura topográfica completa | Código de barras | Visto por última vez | Precio de reemplazo | Tipo de ítem Koha |
|---|---|---|---|---|---|---|---|---|---|---|---|---|---|---|
| Biblioteca del Ateneo de Madrid | Biblioteca del Ateneo de Madrid | Sala Valle Inclán | 17/01/2008 | D-3658 | 901118532 | 23/02/2023 | 23/02/2023 | Libro impreso |
